Players With 10+ Assists in a Premier League Season - Statistics

General Stats
  • This quiz has been taken 33 times
    4 since last reset
  • The average score is 55 of 176
Answer Stats
Hint Answer % Correct
10 | 16 | 18 | 20 Kevin De Bruyne
100%
12 Kevin de Bruyne
100%
10* | 12* | 13* | 18* Mohamed Salah
100%
14 Andy Cole
75%
10* | 12* Bruno Fernandes
75%
11 | 12 | 13 | +2 others Cesc Fabregas
75%
10 | 11 | 15 David Silva
75%
11 | 12 | 13 Dennis Bergkamp
75%
11* Raheem Sterling
75%
10 Son Heung Min
75%
13 Antonio Valencia
50%
10* | 11* Bukayo Saka
50%
10* | 12* | 13 | 15 Christian Eriksen
50%
11 | 12 | 13 | 15 David Beckham
50%
10 | 11 | 13 Didier Drogba
50%
11 | 15 Eden Hazard
50%
10 | 14 | 18 Frank Lampard
50%
14 Harry Kane
50%
11* | 12* James Milner
50%
10 Michael Owen
50%
10 | 11 Riyad Mahrez
50%
15 Robert Pires
50%
10 Robin Van Persie
50%
10 | 11 | 12 Ryan Giggs
50%
13 Steven Gerrard
50%
14 | 20 Thierry Henry
50%
10 | 11 Wayne Rooney
50%
13 Alan Shearer
25%
11 Alexandre Song
25%
11 Andrey Arshavin
25%
10* Anthony Gordon
25%
12* Cole Palmer
25%
10 David Ginola
25%
10 Dele Alli
25%
10 | 11 Dwight Yorke
25%
10 Gareth Barry
25%
10* Jack Grealish
25%
12 | 13 Juan Mata
25%
11 Laurent Robert
25%
10 | 15 Leroy Sane
25%
10* Martin Odegaard
25%
10* Mason Mount
25%
10 | 19 Mesut Ozil
25%
14 Nani
25%
10 Salomon Kalou
25%
12 | 13 Trent Alexander-Arnold
25%
10 Alexis Sanchez
0%
10* | 11* | 12* Andrew Robertson
0%
11 Andy Hinchcliffe
0%
10 Angel Di Maria
0%
11* Anthony Elanga
0%
10* Antonee Robinson
0%
10 | 14 Ashley Young
0%
10* Brennan Johnson
0%
11 Brett Emerton
0%
10 | 11 Brian Deane
0%
11 Bryan Roy
0%
10 | 11 Chris Sutton
0%
11 | 14 Darren Anderton
0%
12 Dimitri Payet
0%
10 Dion Dublin
0%
12 Dusan Tadic
0%
11 Emmanuel Adebayor
0%
10 | 12 | 16 Eric Cantona
0%
10 Eyal Berkovic
0%
10 | 13 Gylfi Sigurdsson
0%
10* Harvey Barnes
0%
10 Ian Woan
0%
12* Jacob Murphy
0%
10* Jarrod Bowen
0%
10 Jason Wilcox
0%
13 Jimmy Floyd Hasselbaink
0%
10 John Barnes
0%
10 Jose Antonio Reyes
0%
10 Jurgen Klinsmann
0%
10 Kevin Gallen
0%
10* Kieran Trippier
0%
12* Leandro Trossard
0%
11 Leighton Baines
0%
12 Luis Suarez
0%
10 | 15 Matthew Le Tissier
0%
10 Matty Holmes
0%
11 Micheal Olise
0%
10* Mikkel Damsgaard
0%
10* Morgan Gibbs-White
0%
10* Morgan Rogers
0%
14 Muzzy Izzet
0%
11 Neal Ardley
0%
11 Niall Quinn
0%
10 | 15 Nolberto Solano
0%
13* Ollie Watkins
0%
12 | 13 Paolo Di Canio
0%
10 Pascal Gross
0%
10 Paul Ince
0%
10 Paul Pogba
0%
10 Rickie Lambert
0%
11 Ruel Fox
0%
14 Ryan Fraser
0%
11 Santi Cazorla
0%
10 Scott Sellars
0%
11 Stan Collymore
0%
10 Steed Malbranque
0%
10 | 11 Steve Guppy
0%
15 Steve McManaman
0%
11 Stewart Downing
0%
10 Teddy Sheringham
0%
10 Theo Walcott
0%
No matching quizzes found
Score Distribution
Percent of People with Each Score
Percentile by Number Answered
Your Score History
You have not taken this quiz since the last reset